000 00293nam a22001337a 4500
008 180209b xxu||||| |||| 00| 0 eng d
020 _a0459324810
041 _aeng
080 _a341
100 _a14
101 _aSHJ
245 _aParliamentary Rules & Forms
_cFraser, A
942 _2udc
_cBK
999 _c42266
_d42266